[Event "Omsk City-ch"]
[Site "Omsk"]
[Date "2008.02.10"]
[Round "7"]
[White "Barakin, Gennady"]
[Black "Ermoshenko, Vitaly"]
[Result "0-1"]
[WhiteElo "2002"]
[BlackElo "1952"]
[PlyCount "72"]
[EventDate "2008.02.06"]
[EventType "swiss"]
[EventRounds "11"]
[EventCountry "RUS"]
[SourceTitle "EXT 2009"]
[Source "ChessBase"]
[SourceDate "2008.11.26"]
[SourceVersion "1"]
[SourceVersionDate "2008.11.26"]
[SourceQuality "1"]

1. b3 e5 2. Bb2 d6 3. g3 Nf6 4. Bg2 Be7 5. e3 0-0 6. c4 c6 7. d3 Re8 8. Ne2 Qc7 9. Nd2 Bf5 10. Qc2 a5 11. a3 h6 12. e4 Bh7 13. Nf1 Na6 14. Ne3 Nc5 15. 0-0 a4 16. b4 Nb3 17. Rad1 c5 18. b5 Nd4 19. Nxd4 cxd4 20. Nf5 Bf8 21. Qe2 d5 22. cxd5 Qc5 23. Qf3 Qxb5 24. Bc1 Ra6 25. h4 Bxf5 26. Qxf5 Nd7 27. Bh3 Nc5 28. Qf3 Nb3 29. Bb2 Qa5 30. Qe2 b5 31. f4 exf4 32. gxf4 b4 33. axb4 Qxd5 34. Ba3 Rb6 35. Bg4 Qd8 36. Qe1 Rg6 0-1

[Event "Omsk City-ch"]
[Site "Omsk"]
[Date "2008.02.07"]
[Round "3"]
[White "Savostjanov, Igor"]
[Black "Ermoshenko, Vitaly"]
[Result "1-0"]
[WhiteElo "2044"]
[BlackElo "1952"]
[PlyCount "75"]
[EventDate "2008.02.06"]
[EventType "swiss"]
[EventRounds "11"]
[EventCountry "RUS"]
[SourceTitle "EXT 2009"]
[Source "ChessBase"]
[SourceDate "2008.11.26"]
[SourceVersion "1"]
[SourceVersionDate "2008.11.26"]
[SourceQuality "1"]

1. d4 Nf6 2. c4 e6 3. Nc3 b6 4. e4 Bb4 5. e5 Ne4 6. Qc2 f5 7. a3 Bxc3+ 8. bxc3 Ng5 9. Be3 Nc6 10. Ne2 Ba6 11. Nf4 Qe7 12. Be2 Na5 13. h4 Nf7 14. Qa4 0-0 15. Rd1 d6 16. exd6 cxd6 17. c5 Bxe2 18. Nxe2 Qb7 19. cxd6 Nxd6 20. 0-0 Rac8 21. Rc1 Rc4 22. Qd1 Qe4 23. Bf4 Nf7 24. f3 Qd5 25. Qe1 Kh8 26. Qg3 Nc6 27. Rfd1 Rg8 28. Kf2 Ne7 29. h5 Nc6 30. Bg5 e5 31. Rh1 f4 32. Qg4 h6 33. Bxf4 exf4 34. Nxf4 Qg5 35. Ng6+ Kh7 36. Qe4 Qd2+ 37. Kg3 Ng5 38. Nf8+ 1-0

[Event "Omsk-ch sf op"]
[Site "Omsk"]
[Date "2007.12.10"]
[Round "9"]
[White "Ermoshenko, Vitaly"]
[Black "Tolkachev, Vladimir"]
[Result "0-1"]
[WhiteElo "1950"]
[BlackElo "2105"]
[PlyCount "76"]
[EventDate "2007.12.01"]
[EventType "swiss"]
[EventRounds "9"]
[EventCountry "RUS"]
[SourceTitle "EXT 2022"]
[Source "ChessBase"]
[SourceDate "2021.10.06"]
[SourceVersion "1"]
[SourceVersionDate "2021.10.06"]
[SourceQuality "1"]

1. e4 c5 2. f4 d6 3. Nf3 Nf6 4. Nc3 g6 5. Bc4 Bg7 6. 0-0 0-0 7. d3 Nc6 8. a4 Bg4 9. h3 Bxf3 10. Rxf3 Nd4 11. Rf2 e6 12. Ba2 Re8 13. Ne2 Nd7 14. c3 Nxe2+ 15. Qxe2 a6 16. Be3 b5 17. axb5 axb5 18. Rff1 Qb6 19. f5 exf5 20. Bd5 Rxa1 21. Rxa1 fxe4 22. Qf2 Rf8 23. Ra8 Nf6 24. Rxf8+ Kxf8 25. dxe4 Nxd5 26. exd5 b4 27. c4 Qa6 28. b3 Qa1+ 29. Kh2 Be5+ 30. Bf4 Kg7 31. Bxe5+ Qxe5+ 32. g3 g5 33. Qa2 h5 34. Kg2 Qe4+ 35. Kf2 Qh1 36. Qa6 Qh2+ 37. Kf3 Qc2 38. Qxd6 Qxb3+ 0-1

[Event "Omsk-ch sf op"]
[Site "Omsk"]
[Date "2007.06.26"]
[Round "8"]
[White "Ermoshenko, Vitaly"]
[Black "Cherpinsky, Alexander"]
[Result "1-0"]
[WhiteElo "1955"]
[BlackElo "2015"]
[PlyCount "61"]
[EventDate "2007.06.17"]
[EventType "swiss"]
[EventRounds "11"]
[EventCountry "RUS"]
[SourceTitle "EXT 2022"]
[Source "ChessBase"]
[SourceDate "2021.10.06"]
[SourceVersion "1"]
[SourceVersionDate "2021.10.06"]
[SourceQuality "1"]

1. c4 Nf6 2. g3 g6 3. Bg2 Bg7 4. e4 0-0 5. d4 d6 6. Ne2 Nbd7 7. Nbc3 c6 8. 0-0 e5 9. d5 Qc7 10. h3 a5 11. Be3 Ne8 12. Qd2 f5 13. Bh6 Ndf6 14. dxc6 bxc6 15. exf5 Bxf5 16. Bxg7 Nxg7 17. f4 Rab8 18. b3 Be6 19. fxe5 dxe5 20. Qg5 Nge8 21. g4 Rd8 22. Rf2 Kg7 23. Raf1 h6 24. Qc1 Rd3 25. Ne4 Qb6 26. c5 Qb4 27. a3 Qxb3 28. g5 hxg5 29. Qxg5 Bf5 30. Rxf5 Nxe4 31. Qe7+ 1-0

[Event "Omsk-ch sf op"]
[Site "Omsk"]
[Date "2007.06.23"]
[Round "6"]
[White "Ermoshenko, Vitaly"]
[Black "Potseluev, Sergey"]
[Result "1-0"]
[WhiteElo "1955"]
[BlackElo "1982"]
[PlyCount "97"]
[EventDate "2007.06.17"]
[EventType "swiss"]
[EventRounds "11"]
[EventCountry "RUS"]
[SourceTitle "EXT 2022"]
[Source "ChessBase"]
[SourceDate "2021.10.06"]
[SourceVersion "1"]
[SourceVersionDate "2021.10.06"]
[SourceQuality "1"]

1. c4 Nf6 2. Nc3 g6 3. e4 e5 4. Nf3 d6 5. d4 exd4 6. Nxd4 Bg7 7. Bg5 0-0 8. Qd2 Qe8 9. f3 a6 10. Be2 Nc6 11. Nxc6 Qxc6 12. 0-0 Re8 13. Kh1 Rb8 14. Rac1 Qb6 15. b3 c5 16. Rcd1 Re6 17. Bf4 Bf8 18. h3 Bd7 19. Bh2 Rbe8 20. Nd5 Nxd5 21. cxd5 R6e7 22. Bg3 Bg7 23. Bh4 Re5 24. Bd3 Bb5 25. Rde1 Qc7 26. Bxb5 axb5 27. Rc1 Qd7 28. Bg3 R5e7 29. Qa5 Bh6 30. Rc2 f5 31. Qb6 f4 32. Bh4 g5 33. Bf2 Ra8 34. Rxc5 dxc5 35. Qxh6 Rg7 36. Bxc5 Rg6 37. Qh5 Rc8 38. Bb4 Rc2 39. Rd1 Qc8 40. Qg4 Qxg4 41. hxg4 Rh6+ 42. Kg1 Ra6 43. a3 Rc7 44. e5 Rd7 45. Rd2 Rd8 46. e6 Raa8 47. d6 Re8 48. e7 Kf7 49. d7 1-0

[Event "Omsk-ch sf op"]
[Site "Omsk"]
[Date "2007.06.22"]
[Round "5"]
[White "Volkov, Alexander2222"]
[Black "Ermoshenko, Vitaly"]
[Result "1-0"]
[WhiteElo "2044"]
[BlackElo "1955"]
[PlyCount "97"]
[EventDate "2007.06.17"]
[EventType "swiss"]
[EventRounds "11"]
[EventCountry "RUS"]
[SourceTitle "EXT 2022"]
[Source "ChessBase"]
[SourceDate "2021.10.06"]
[SourceVersion "1"]
[SourceVersionDate "2021.10.06"]
[SourceQuality "1"]

1. d4 Nf6 2. Nf3 b6 3. g3 Bb7 4. Bg2 e6 5. 0-0 Be7 6. c4 0-0 7. d5 exd5 8. Nh4 c6 9. cxd5 Nxd5 10. Nf5 Nc7 11. e4 d5 12. e5 Bc8 13. Qg4 Bxf5 14. Qxf5 Qd7 15. Qc2 f6 16. Bf4 Ne6 17. exf6 Bxf6 18. Be3 Na6 19. Rd1 Rad8 20. Nc3 Nac7 21. Ne4 c5 22. Nxf6+ Rxf6 23. Bh3 Qf7 24. f4 d4 25. Bf2 g5 26. f5 Ng7 27. g4 h5 28. Qd2 hxg4 29. Bxg4 Nxf5 30. Qxg5+ Qg7 31. Qxg7+ Kxg7 32. b4 cxb4 33. Bxf5 Rxf5 34. Rxd4 Rxd4 35. Bxd4+ Kg6 36. Rb1 Rb5 37. Kf2 Ra5 38. Rb2 Nb5 39. Ke3 Nc3 40. Rg2+ Kf5 41. Bxc3 bxc3 42. Kd3 Rc5 43. Rc2 Kg4 44. Rxc3 Rxc3+ 45. Kxc3 Kh3 46. Kc4 Kxh2 47. Kb5 Kg3 48. a4 a5 49. Kxb6 1-0

[Event "Omsk-ch sf op"]
[Site "Omsk"]
[Date "2007.06.18"]
[Round "2"]
[White "Nevorotov, Boris"]
[Black "Ermoshenko, Vitaly"]
[Result "0-1"]
[WhiteElo "2028"]
[BlackElo "1955"]
[PlyCount "64"]
[EventDate "2007.06.17"]
[EventType "swiss"]
[EventRounds "11"]
[EventCountry "RUS"]
[SourceTitle "EXT 2022"]
[Source "ChessBase"]
[SourceDate "2021.10.06"]
[SourceVersion "1"]
[SourceVersionDate "2021.10.06"]
[SourceQuality "1"]

1. e4 c5 2. Nf3 e6 3. d3 g6 4. g3 Bg7 5. Bg2 Ne7 6. c3 b6 7. 0-0 Bb7 8. Re1 0-0 9. Bg5 f6 10. Be3 d5 11. Qc2 Nbc6 12. d4 cxd4 13. cxd4 Rc8 14. Nc3 Na5 15. Nd2 e5 16. Nb3 Nc4 17. Rad1 Nxe3 18. Rxe3 Qc7 19. dxe5 fxe5 20. exd5 Nf5 21. Ree1 Nd4 22. Qe4 Qf7 23. Nxd4 exd4 24. Ne2 Qxf2+ 25. Kh1 Rce8 26. Qd3 Re3 27. Qb1 Rxe2 28. Rxe2 Qxe2 29. Re1 Qh5 30. Qe4 h6 31. Qe6+ Kh7 32. Qe7 d3 0-1

[Event "Omsk-ch sf"]
[Site "Omsk"]
[Date "2006.12.17"]
[Round "7"]
[White "Ermoshenko, Vitaly"]
[Black "Tsiganov, Mikhail"]
[Result "1-0"]
[WhiteElo "1956"]
[BlackElo "2009"]
[PlyCount "45"]
[EventDate "2006.11.15"]
[EventType "swiss"]
[EventRounds "9"]
[EventCountry "RUS"]
[SourceTitle "EXT 2019"]
[Source "ChessBase"]
[SourceDate "2018.10.10"]
[SourceVersion "1"]
[SourceVersionDate "2018.10.10"]
[SourceQuality "1"]

1. e4 e6 2. d4 b6 3. g3 Bb7 4. Bg2 f5 5. Nd2 Nf6 6. Qe2 Be7 7. Nh3 0-0 8. 0-0 fxe4 9. Ng5 Nc6 10. c3 a5 11. Re1 Ba6 12. Qd1 e5 13. Qb3+ d5 14. Ngxe4 Nxe4 15. Bxe4 a4 16. Qxd5+ Kh8 17. Qxc6 Rb8 18. Qxa4 Bc8 19. Nb3 Bd6 20. dxe5 Bxe5 21. Qb5 Qf6 22. Be3 c5 23. Qe2 1-0